000 00371pab a2200157 454500
008 180718b2002 xxu||||| |||| 00| 0 eng d
100 _aNarasimhan, S.
245 _aBudget 2002-03: economics vis-a-vis populism
260 _c2002
300 _ap.16-17.
362 _aAug
650 _aBudget - India
650 _aBudget
773 _aThird Concept
909 _a53247
999 _c53247
_d53247